| 000 | 00840nas a2200265 4500 | ||
|---|---|---|---|
| 001 | BR9902593 | ||
| 003 | BR-BrBNA | ||
| 005 | 20231205101431.0 | ||
| 007 | ta | ||
| 008 | 230509b bl.|||p| |||| 00| 00por d | ||
| 040 |
_aBR-BrBNA _bpor _cBiblioteca Nacional de Agricultura |
||
| 041 | _a(En) | ||
| 072 | _aF60 | ||
| 100 | 1 | _aPandey, A. | |
| 100 | 1 | _aKavita, P. | |
| 100 | 1 | _aSelvakumar, P. | |
| 245 | 1 | _aCulture conditions for production of 2-1-b-D-fructan-fructanohydrolase in solid culturing on chicory (Cichorium intybus)roots | |
| 650 | _aChicoria | ||
| 650 | _aBacteria | ||
| 650 | _aEnzima | ||
| 650 | _aSubstrato de Cultura | ||
| 773 | 0 |
_tBrazilian Archives of Biology and Technology (Brazil) _xISSN 0365-0979 _g(1998), v. 41(2) p. 231-236 _wBR9902593 |
|
| 909 |
_a202311 _bLúcia _c55 _dLúcia Elande |
||
| 942 |
_2AGRIS _n0 _cANA |
||
| 999 |
_c161823 _d161823 |
||